000
00277nam a22001217a 4500
041
_a
ENG
100
_a
Srivastava.P.K
245
_a
Approriate agri based Technologies For Rural Women
260
_a
Bhopal
_b
ICAR
_c
1995
300
_a
77
650
_a
GAE
856
_u
GAE (37 )
999
_c
2476
_d
2476